Civility / (Record no. 8472)

MARC details
000 -LEADER
fixed length control field 02607nam a22002297a 4500
003 - CONTROL NUMBER IDENTIFIER
control field GBCCL
005 - DATE AND TIME OF LATEST TRANSACTION
control field 20241126110651.0
008 - FIXED-LENGTH DATA ELEMENTS--GENERAL INFORMATION
fixed length control field 210224b ||||| |||| 00| 0 eng d
020 ## - INTERNATIONAL STANDARD BOOK NUMBER
International Standard Book Number 0268022550 (alk. paper)
020 ## - INTERNATIONAL STANDARD BOOK NUMBER
International Standard Book Number 0268022569 (pbk. : alk. paper)
040 ## - CATALOGING SOURCE
Transcribing agency GBC
082 ## - DEWEY DECIMAL CLASSIFICATION NUMBER
Classification number 177.1
Item number CIV
245 ## - TITLE STATEMENT
Title Civility /
Statement of responsibility, etc. edited by Leroy S. Rouner.
260 ## - PUBLICATION, DISTRIBUTION, ETC.
Place of publication, distribution, etc. Notre Dame, Ind. :
Name of publisher, distributor, etc. University of Notre Dame Press,
Date of publication, distribution, etc. c2000.
300 ## - PHYSICAL DESCRIPTION
Extent xvii, 252 p. ;
Other physical details 24 cm.
440 ## - SERIES STATEMENT/ADDED ENTRY--TITLE
Title Boston University studies in philosophy and religion ;
Volume/sequential designation v. 21
9 (RLIN) 14857
505 ## - FORMATTED CONTENTS NOTE
Formatted contents note Is civility a virtue? / James Schmidt --<br/>Civic meetings, cultural meanings / Lawrence Cahoone --<br/>Trust, confidence, and the problem of civility / Adam B. Seligman --<br/>Beyond courtesy / Adam McClellan --<br/>The belligerence of dogma / Stephen Toulmin --<br/>The ethical status of civility / Robert B. Pippin --<br/>Response to Robert B. Pippin / Daniel O. Dahlstrom --<br/>Are we losing our virtue? / Alan Wolfe --<br/>Response to Alan Wolfe / Lawrence Cahoone --<br/>Civility and the limits to the tolerable / Edwin J. Delattre --<br/>Civility in the family / Carrie Doehring --<br/>On Confucian civility / Henry Rosemont Jr. --<br/>Harmony, fragmentation, and democratic ritual / David B. Wong --<br/>Sacred civilities / Ninian Smart --<br/>Making peace / Virginia Straus.
505 ## - FORMATTED CONTENTS NOTE
Formatted contents note "Are Americans less civil than they used to be? If so, is that a bad thing? Perhaps we are just learning to be more honest. And what does civility mean? Is it just good manners? Or is civility a question of morality?" "In this lively conversation on an increasingly significant theme, major philosophers and religious scholars argue the issue on three levels. The first is manners: Henry Rosemont argues the Confucian case that manners are the substance of social relations, while Edwin Delattre and Adam Seligman believe that the issue is deeper than that; and the sociologist Alan Wolfe is persuaded that we are not less civil or ill-mannered than our predecessors. Secondly, as a social issue, James Schmidt, Lawrence Cahoone, and Adam Seligman turn to questions of structure and meaning in a civil society; Ninian Smart, David Wong, and Virginia Straus put the issue in a cross-cultural context; Stephen Toulmin describes the corruption of civility by dogmatism; and Carrier Doehring warns that civility may be a barrier to honest communication in family life. Finally, the metaphysical and religious dimensions of civility are explored by Robert Pippin, Adam McClellan, and Daniel Dahlstrom."--Jacket.
650 ## - SUBJECT ADDED ENTRY--TOPICAL TERM
Topical term or geographic name entry element Civil society.
9 (RLIN) 14858
650 ## - SUBJECT ADDED ENTRY--TOPICAL TERM
Topical term or geographic name entry element Courtesy.
9 (RLIN) 14859
942 ## - ADDED ENTRY ELEMENTS (KOHA)
Source of classification or shelving scheme Dewey Decimal Classification
Koha item type Books
Holdings
Withdrawn status Lost status Source of classification or shelving scheme Damaged status Not for loan Home library Current Library Shelving location Date acquired Total checkouts Full call number Barcode Date last seen Copy number Price effective from Koha item type
    Dewey Decimal Classification     GRACE BIBLE COLLEGE GRACE BIBLE COLLEGE Philosophy and Religion 2021-02-24   177.1 CIV 020111 2025-05-01 c.1 2021-02-24 Books
© Grace Bible College Library 2025